[Event "AUT-chT2M 0203"]
[Site "Austria"]
[Date "2002.11.30"]
[Round "4"]
[White "Moser, Eva"]
[Black "Wegener, Dirk"]
[Result "0-1"]
[WhiteElo "2371"]
[BlackElo "2312"]
[PlyCount "50"]
[EventDate "2002.10.11"]
[EventType "team-tourn"]
[EventRounds "11"]
[EventCountry "AUT"]
[SourceTitle "EXT 2004"]
[Source "ChessBase"]
[SourceDate "2003.11.25"]
[SourceVersion "1"]
[SourceVersionDate "2003.11.25"]
[SourceQuality "1"]

1. e4 e6 2. d3 d5 3. Nd2 Nf6 4. g3 dxe4 5. dxe4 e5 6. Bg2 Bc5 7. Ngf3 Nc6 8.
O-O O-O 9. c3 Qd3 10. Ne1 Qd6 11. b4 Bb6 12. Qe2 Bg4 13. Nef3 Rfd8 14. a4 a5
15. b5 Nb8 16. Nc4 Qe6 17. Ba3 Nbd7 18. Rad1 Bc5 19. Bc1 c6 20. Rd2 cxb5 21.
axb5 Rdc8 22. Ne3 Bxe3 23. Qxe3 Qb3 24. Rd3 Nc5 25. Nd2 Qxb5 0-1

[Event "AUT-chT2M 0203"]
[Site "Austria"]
[Date "2002.10.13"]
[Round "3"]
[White "Moser, Eva"]
[Black "Benda, Herbert"]
[Result "1-0"]
[WhiteElo "2371"]
[BlackElo "2251"]
[PlyCount "99"]
[EventDate "2002.10.11"]
[EventType "team-tourn"]
[EventRounds "11"]
[EventCountry "AUT"]
[SourceTitle "CBM 090 Extra"]
[Source "ChessBase"]
[SourceDate "2002.11.07"]
[SourceVersion "1"]
[SourceVersionDate "2002.11.07"]
[SourceQuality "1"]

1. e4 c5 2. d3 Nc6 3. g3 g6 4. Bg2 Bg7 5. f4 d6 6. Nf3 Bg4 7. Nbd2 e6 8. h3
Bxf3 9. Nxf3 Nge7 10. c3 b5 11. O-O Rb8 12. f5 exf5 13. exf5 Nxf5 14. Ng5 Nce7
15. g4 Nh6 16. Ne4 O-O 17. Bf4 f5 18. Ng5 Qd7 19. Qb3+ c4 20. dxc4 fxg4 21. c5+
d5 22. Bxb8 Rxb8 23. Rae1 gxh3 24. Nxh3 Ng4 25. Nf2 Ne5 26. Qd1 h5 27. Nd3 Ng4
28. Qe2 Qc7 29. Qe6+ Kh7 30. Qd6 Qxd6 31. cxd6 Nf5 32. d7 Rd8 33. Nc5 b4 34.
Re8 bxc3 35. bxc3 Bxc3 36. Rxf5 Bd4+ 37. Kh1 Rxd7 38. Nxd7 gxf5 39. Bxd5 f4 40.
Be4+ Kg7 41. Kg2 Kf7 42. Rc8 Ke7 43. Nf8 Kf6 44. Rc6+ Kf7 45. Ng6 Be3 46. Nh4
Ne5 47. Bd5+ Kf8 48. Ng6+ Nxg6 49. Rxg6 h4 50. Rg4 1-0

[Event "AUT-chT2M 0203"]
[Site "Austria"]
[Date "2002.10.12"]
[Round "2"]
[White "Aschenbrenner, Robert"]
[Black "Moser, Eva"]
[Result "1/2-1/2"]
[WhiteElo "2230"]
[BlackElo "2371"]
[PlyCount "92"]
[EventDate "2002.10.11"]
[EventType "team-tourn"]
[EventRounds "11"]
[EventCountry "AUT"]
[SourceTitle "CBM 090 Extra"]
[Source "ChessBase"]
[SourceDate "2002.11.07"]
[SourceVersion "1"]
[SourceVersionDate "2002.11.07"]
[SourceQuality "1"]

1. d4 Nf6 2. c4 g6 3. Nc3 Bg7 4. e4 O-O 5. f4 c6 6. Bd3 d5 7. cxd5 cxd5 8. e5
Ne8 9. h4 Be6 10. h5 Qd7 11. hxg6 fxg6 12. Nf3 Bg4 13. Be3 Nc6 14. a3 Nc7 15.
Rh4 Rad8 16. Qe2 b5 17. Nxb5 Bxf3 18. gxf3 Nxb5 19. Bxb5 Qe6 20. Bd3 Na5 21.
Kf2 Rf7 22. Rg1 Rdf8 23. Ke1 Nc4 24. Bc1 Qb6 25. Rgh1 Qxd4 26. Rxh7 Rxf4 27.
Bxf4 Qxf4 28. Bxc4 dxc4 29. R7h3 Bxe5 30. Qc2 Rf6 31. Rh8+ Kf7 32. R1h7+ Ke6
33. Rh3 Qe3+ 34. Qe2 Qc1+ 35. Kf2 Qxb2 36. Ra8 Qxe2+ 37. Kxe2 Kf7 38. Rxa7 Re6
39. Kd1 c3 40. Kc2 Rb6 41. Rh7+ Kf6 42. Raxe7 Rb2+ 43. Kd3 Rd2+ 44. Ke4 Re2+
45. Kd3 Rd2+ 46. Ke4 Re2+ 1/2-1/2

[Event "AUT-chT2M 0203"]
[Site "Austria"]
[Date "2002.10.11"]
[Round "9"]
[White "Moser, Eva"]
[Black "Titz, Heimo"]
[Result "1/2-1/2"]
[WhiteElo "2371"]
[BlackElo "2325"]
[PlyCount "91"]
[EventDate "2002.10.11"]
[EventType "team-tourn"]
[EventRounds "11"]
[EventCountry "AUT"]
[SourceTitle "EXT 2004"]
[Source "ChessBase"]
[SourceDate "2003.11.25"]
[SourceVersion "1"]
[SourceVersionDate "2003.11.25"]
[SourceQuality "1"]

1. e4 c5 2. d3 Nc6 3. g3 g6 4. Bg2 Bg7 5. f4 d6 6. Nf3 Nf6 7. O-O O-O 8. Nh4
Bd7 9. f5 Ne5 10. Bg5 h6 11. Bd2 g5 12. Nf3 Nfg4 13. Nc3 Nxf3+ 14. Qxf3 Ne5 15.
Qh5 f6 16. Qe2 Be8 17. Nd5 Rc8 18. Kh1 Bf7 19. a4 Qd7 20. Bh3 Rfd8 21. a5 Qe8
22. Be3 Bf8 23. Bg2 Rd7 24. h3 Qd8 25. Qd2 b5 26. axb6 axb6 27. Ra6 Rb8 28.
Rfa1 e6 29. fxe6 Bxe6 30. Qf2 Bg7 31. Kh2 Rf7 32. Ra7 Rxa7 33. Rxa7 Nc6 34. Ra6
Bxd5 35. exd5 Ne7 36. Be4 Ra8 37. Rxa8 Qxa8 38. Bd2 f5 39. Bxf5 Qxd5 40. Be4
Qf7 41. Qxf7+ Kxf7 42. b4 d5 43. Bf3 Be5 44. Kg2 Ke6 45. Bg4+ Kd6 46. bxc5+
1/2-1/2

[Event "AUT-chT2M 0203"]
[Site "Austria"]
[Date "2002.10.11"]
[Round "7"]
[White "Moser, Eva"]
[Black "Krebs, Johann"]
[Result "0-1"]
[WhiteElo "2371"]
[BlackElo "2280"]
[PlyCount "78"]
[EventDate "2002.10.11"]
[EventType "team-tourn"]
[EventRounds "11"]
[EventCountry "AUT"]
[SourceTitle "EXT 2004"]
[Source "ChessBase"]
[SourceDate "2003.11.25"]
[SourceVersion "1"]
[SourceVersionDate "2003.11.25"]
[SourceQuality "1"]

1. e4 c5 2. d3 g6 3. g3 Bg7 4. Bg2 Nc6 5. f4 e6 6. Nf3 Nge7 7. O-O d6 8. c3 O-O
9. Be3 b6 10. Na3 Ba6 11. Re1 b5 12. Nc2 b4 13. cxb4 cxb4 14. Rb1 Qa5 15. g4
Rab8 16. Bf1 Rfc8 17. Bf2 Qc7 18. Qd2 d5 19. e5 Nxe5 20. fxe5 Qxc2 21. Qf4 Qc7
22. Bh4 d4 23. Qxd4 Nd5 24. Bf2 Bb7 25. Nd2 a5 26. Ne4 Bf8 27. Nd6 Rd8 28. Rbc1
Qd7 29. Bh4 f6 30. Nxb7 Rxb7 31. exf6 Kf7 32. g5 Bd6 33. Re4 Rc7 34. Rxc7 Qxc7
35. Qc4 Bxh2+ 36. Kh1 Bd6 37. Bh3 Nf4 38. Rxf4 Bxf4 39. Bxe6+ Kf8 0-1

[Event "AUT-chT2M 0203"]
[Site "Austria"]
[Date "2002.10.11"]
[Round "6"]
[White "Dohr, Alexander"]
[Black "Moser, Eva"]
[Result "1/2-1/2"]
[WhiteElo "2161"]
[BlackElo "2371"]
[PlyCount "88"]
[EventDate "2002.10.11"]
[EventType "team-tourn"]
[EventRounds "11"]
[EventCountry "AUT"]
[SourceTitle "EXT 2004"]
[Source "ChessBase"]
[SourceDate "2003.11.25"]
[SourceVersion "1"]
[SourceVersionDate "2003.11.25"]
[SourceQuality "1"]

1. e4 d6 2. d4 Nf6 3. Bd3 e5 4. Nf3 Nbd7 5. c3 Be7 6. O-O O-O 7. Re1 c6 8. Nbd2
Re8 9. Nf1 Bf8 10. Ng3 g6 11. Bg5 h6 12. Bd2 Bg7 13. Qc1 Kh7 14. Qc2 Nf8 15. h3
Qc7 16. Rad1 Be6 17. dxe5 dxe5 18. c4 N8d7 19. Bc3 a5 20. b3 Ng8 21. Qb2 a4 22.
Bb1 f6 23. Nf1 Bf8 24. Ne3 axb3 25. axb3 Nc5 26. Bc2 Ra6 27. Ra1 Rea8 28. Red1
h5 29. Rxa6 Rxa6 30. b4 Nd7 31. c5 Ra2 32. Qb1 Ra3 33. Rd3 Qc8 34. Qd1 Be7 35.
Bb2 Rxd3 36. Qxd3 Nh6 37. Nc4 Nf7 38. Bb3 Nf8 39. Na5 Kg7 40. Kh2 Bxb3 41. Qxb3
Qc7 42. Nc4 Bd8 43. Nb6 Ne6 44. Bc1 Be7 1/2-1/2

[Event "AUT-chT2M 0203"]
[Site "Austria"]
[Date "2002.10.11"]
[Round "1"]
[White "Ranegger, Martin"]
[Black "Moser, Eva"]
[Result "1/2-1/2"]
[WhiteElo "2119"]
[BlackElo "2371"]
[PlyCount "94"]
[EventDate "2002.10.11"]
[EventType "team-tourn"]
[EventRounds "11"]
[EventCountry "AUT"]
[SourceTitle "CBM 090 Extra"]
[Source "ChessBase"]
[SourceDate "2002.11.07"]
[SourceVersion "1"]
[SourceVersionDate "2002.11.07"]
[SourceQuality "1"]

1. d4 Nf6 2. c4 g6 3. Nc3 Bg7 4. e4 O-O 5. Nf3 c6 6. Be2 d5 7. e5 Ne4 8. O-O
Nxc3 9. bxc3 Nd7 10. Qb3 Nb6 11. cxd5 cxd5 12. a4 Qc7 13. Nd2 Be6 14. a5 Nc4
15. Nxc4 dxc4 16. Qb4 Bd5 17. Ba3 Rfe8 18. Qc5 Qxc5 19. Bxc5 f6 20. exf6 exf6
21. Rfe1 Bh6 22. Bf1 Bd2 23. Rxe8+ Rxe8 24. Bb4 Kf7 25. Ra2 Bf4 26. Re2 Rxe2
27. Bxe2 Ke6 28. g3 Bc7 29. f3 Kd7 30. Bd1 g5 31. Kf2 f5 32. Bc2 Ke6 33. h3 h5
34. Ba4 h4 35. gxh4 gxh4 36. Bc2 Kf6 37. Ba4 Bd8 38. Bb5 Kg5 39. Ke3 Be6 40.
f4+ Kf6 41. a6 bxa6 42. Bxa6 Bd5 43. Bc5 Ba5 44. Kd2 Bc7 45. Ke3 Bb8 46. Bf8
Kf7 47. Bc5 Kf6 1/2-1/2

[Event "AUT-ch"]
[Site "Oberpullendorf"]
[Date "2002.08.18"]
[Round "9"]
[White "Moser, Eva"]
[Black "Eisterer, Heinrich"]
[Result "1-0"]
[WhiteElo "2335"]
[BlackElo "2375"]
[PlyCount "80"]
[EventDate "2002.08.10"]
[EventType "swiss"]
[EventRounds "9"]
[EventCountry "AUT"]
[SourceTitle "CBM 089 Extra"]
[Source "ChessBase"]
[SourceDate "2002.09.10"]
[SourceVersion "2"]
[SourceVersionDate "2002.09.10"]
[SourceQuality "1"]

1. g3 d5 2. Bg2 Nf6 3. Nf3 c5 4. O-O Nc6 5. c3 e6 6. d3 Be7 7. Nbd2 O-O 8. e4
b5 9. Re1 a5 10. exd5 exd5 11. d4 c4 12. Ne5 Ra6 13. a4 Na7 14. axb5 Nxb5 15.
Qa4 Na7 16. b3 cxb3 17. Bf1 Rb6 18. Bb2 Ng4 19. Nxg4 Bxg4 20. Nxb3 Bd7 21. Qa2
a4 22. Nd2 Nc8 23. Ba3 Bc6 24. Bxe7 Nxe7 25. Qa3 Re8 26. Bg2 h6 27. c4 dxc4 28.
Nxc4 Rb3 29. Qd6 Bxg2 30. Kxg2 Qa8+ 31. Kg1 Nf5 32. Rxe8+ Qxe8 33. Qf4 Qb5 34.
Nd2 Rd3 35. Nf3 Qd5 36. Ne5 Qxd4 37. Rxa4 Rd1+ 38. Kg2 Qd5+ 39. Kh3 g6 40. Qe4
Qxe4 1-0

[Event "AUT-ch"]
[Site "Oberpullendorf"]
[Date "2002.08.17"]
[Round "8"]
[White "Titz, Heimo"]
[Black "Moser, Eva"]
[Result "1/2-1/2"]
[WhiteElo "2309"]
[BlackElo "2335"]
[PlyCount "167"]
[EventDate "2002.08.10"]
[EventType "swiss"]
[EventRounds "9"]
[EventCountry "AUT"]
[SourceTitle "CBM 089 Extra"]
[Source "ChessBase"]
[SourceDate "2002.09.10"]
[SourceVersion "2"]
[SourceVersionDate "2002.09.10"]
[SourceQuality "1"]

1. d4 f5 2. g3 Nf6 3. Bg2 e6 4. Nh3 Be7 5. O-O O-O 6. b3 d6 7. Bb2 Qe8 8. e3
Na6 9. Nd2 c6 10. c4 Qg6 11. Nf4 Qh6 12. Nd3 Rd8 13. Qe2 d5 14. Ne5 Bd7 15.
cxd5 exd5 16. Nxd7 Nxd7 17. f4 Nc7 18. Nf3 Ne6 19. Ne5 Nxe5 20. dxe5 g6 21. Kh1
a5 22. g4 fxg4 23. Qxg4 Ng7 24. Qh3 Qxh3 25. Bxh3 Rf8 26. a4 Ra6 27. Rad1 Nf5
28. Rf3 Rb6 29. Rd3 h5 30. Bxf5 Rxf5 31. Kg2 Kf7 32. Kg3 Ke6 33. h4 Rf8 34. Rf1
Rc8 35. Rc1 Ra6 36. Bc3 Raa8 37. Be1 Rc7 38. Kf3 Bd8 39. e4 Rd7 40. exd5+ Rxd5
41. Rxd5 Kxd5 42. Rd1+ Ke6 43. Ke4 Be7 44. Rd2 Rg8 45. Rd3 Rd8 46. Rg3 Kf7 47.
Bxa5 Rd1 48. e6+ Kxe6 49. Rxg6+ Kf7 50. Rh6 Rb1 51. Rh7+ Kf8 52. Rxh5 Rxb3 53.
Bd2 c5 54. Rh8+ Kg7 55. Rc8 b6 56. Rc7 Kf8 57. h5 Ra3 58. h6 Bf6 59. Kf5 Bd4
60. Ke6 Kg8 61. f5 Ra2 62. Bg5 Re2+ 63. Kd7 Re5 64. Bf6 Re4 65. h7+ Kxh7 66.
Kc6+ Kg8 67. Bxd4 Rxd4 68. Ra7 Rb4 69. Kd5 Rd4+ 70. Ke6 Rd1 71. Kf6 Rf1 72. Rb7
Ra1 73. Rxb6 Rxa4 74. Rc6 Ra1 75. Rc8+ Kh7 76. Kf7 Ra7+ 77. Kf8 Kh6 78. Rc6+
Kh7 79. f6 Ra8+ 80. Kf7 Ra7+ 81. Ke6 Kg6 82. Ke5 c4 83. Ke6 c3 84. Rxc3 1/2-1/2

[Event "AUT-ch"]
[Site "Oberpullendorf"]
[Date "2002.08.16"]
[Round "7"]
[White "Danner, Georg"]
[Black "Moser, Eva"]
[Result "1/2-1/2"]
[WhiteElo "2369"]
[BlackElo "2335"]
[PlyCount "89"]
[EventDate "2002.08.10"]
[EventType "swiss"]
[EventRounds "9"]
[EventCountry "AUT"]
[SourceTitle "CBM 089 Extra"]
[Source "ChessBase"]
[SourceDate "2002.09.10"]
[SourceVersion "2"]
[SourceVersionDate "2002.09.10"]
[SourceQuality "1"]

1. d4 Nf6 2. c4 g6 3. Nc3 Bg7 4. e4 O-O 5. Nf3 c6 6. Bd3 d6 7. h3 e5 8. d5 cxd5
9. cxd5 Nh5 10. O-O Nd7 11. Re1 Nf4 12. Bf1 Nc5 13. b4 Na6 14. Qb3 Kh8 15. Bxf4
exf4 16. e5 dxe5 17. Bxa6 bxa6 18. Nxe5 Bxh3 19. d6 Be6 20. Qd1 Qg5 21. Nf3 Qd8
22. Ne4 Bg4 23. Rc1 Qb6 24. Qd5 Rad8 25. Neg5 Be6 26. Rxe6 fxe6 27. Qxe6 Qxd6
28. Nf7+ Rxf7 29. Qxf7 Qf6 30. Rc7 Qb2 31. Rxa7 Rf8 32. Qc4 h6 33. Rf7 Rxf7 34.
Qxf7 Kh7 35. Qc4 Qb1+ 36. Kh2 Qb2 37. Qxf4 Qxa2 38. Kg3 Qa4 39. Qb8 Qb5 40.
Qxb5 axb5 41. Kf4 Bc3 42. Ke4 Bxb4 43. Nd4 Bc5 44. Nxb5 Bxf2 45. Nc7 1/2-1/2

[Event "AUT-ch"]
[Site "Oberpullendorf"]
[Date "2002.08.15"]
[Round "6"]
[White "Moser, Eva"]
[Black "Wach, Markus"]
[Result "1-0"]
[WhiteElo "2335"]
[BlackElo "2398"]
[PlyCount "87"]
[EventDate "2002.08.10"]
[EventType "swiss"]
[EventRounds "9"]
[EventCountry "AUT"]
[SourceTitle "CBM 089 Extra"]
[Source "ChessBase"]
[SourceDate "2002.09.10"]
[SourceVersion "2"]
[SourceVersionDate "2002.09.10"]
[SourceQuality "1"]

1. e4 Nf6 2. e5 Nd5 3. d4 d6 4. c4 Nb6 5. f4 dxe5 6. fxe5 Nc6 7. Be3 Bf5 8. Nc3
e6 9. Nf3 Qd7 10. Be2 Be7 11. O-O Rd8 12. Qd2 Bg4 13. Rad1 O-O 14. Qc1 f6 15.
exf6 gxf6 16. Bh6 Rf7 17. Ne5 fxe5 18. Rxf7 Kxf7 19. dxe5 Bc5+ 20. Kh1 Qxd1+
21. Bxd1 Bxd1 22. Nxd1 Nxe5 23. Ne3 Nd3 24. Qc3 e5 25. g4 Kg6 26. Nf5 Nf2+ 27.
Kg2 Nxg4 28. Qg3 Kxf5 29. Qf3+ Ke6 30. Qxg4+ Kd6 31. b4 Bd4 32. c5+ Kc6 33.
cxb6 axb6 34. a4 Kd6 35. Qf5 Rg8+ 36. Kh3 Rg6 37. Bf8+ Kd5 38. Qf7+ Ke4 39.
Qxh7 Kf5 40. Qh5+ Rg5 41. Qh7+ Ke6 42. Qe7+ Kf5 43. Qf7+ Ke4 44. Bh6 1-0

[Event "AUT-ch"]
[Site "Oberpullendorf"]
[Date "2002.08.14"]
[Round "5"]
[White "Moser, Eva"]
[Black "Sommerbauer, Norbert"]
[Result "1/2-1/2"]
[WhiteElo "2335"]
[BlackElo "2407"]
[PlyCount "102"]
[EventDate "2002.08.10"]
[EventType "swiss"]
[EventRounds "9"]
[EventCountry "AUT"]
[SourceTitle "CBM 089 Extra"]
[Source "ChessBase"]
[SourceDate "2002.09.10"]
[SourceVersion "2"]
[SourceVersionDate "2002.09.10"]
[SourceQuality "1"]

1. g3 d5 2. Bg2 Nf6 3. Nf3 c6 4. O-O Bg4 5. d3 Nbd7 6. Nbd2 e5 7. e4 dxe4 8.
dxe4 Bc5 9. h3 Bh5 10. Qe2 O-O 11. a4 Re8 12. Nc4 b5 13. axb5 cxb5 14. Na5 Qb6
15. Rd1 Nxe4 16. Qxe4 Bxf2+ 17. Kh2 Nf6 18. Qc6 e4 19. g4 Nxg4+ 20. hxg4 Bxg4
21. Bf4 exf3 22. Bxf3 Bxf3 23. Qxf3 Bh4 24. c3 Qf6 25. Rf1 b4 26. Rac1 Rac8 27.
Nb7 Re6 28. cxb4 Rxc1 29. Bxc1 Qe5+ 30. Bf4 Qxb2+ 31. Kh3 Qf6 32. Bg3 Qxf3 33.
Rxf3 Bxg3 34. Kxg3 Rb6 35. Nd8 Rxb4 36. Ra3 g5 37. Rxa7 Rf4 38. Ra5 h6 39. Nc6
Kg7 40. Rd5 f6 41. Rd7+ Kg6 42. Ne7+ Kf7 43. Ra7 Ke6 44. Ng6 Re4 45. Rh7 Re3+
46. Kg2 Kf5 47. Rxh6 Kg4 48. Ne7 Re2+ 49. Kg1 Rxe7 50. Rxf6 Kg3 51. Rf1 g4
1/2-1/2

[Event "AUT-ch"]
[Site "Oberpullendorf"]
[Date "2002.08.13"]
[Round "4"]
[White "Schweda, Roland"]
[Black "Moser, Eva"]
[Result "1/2-1/2"]
[WhiteElo "2336"]
[BlackElo "2335"]
[PlyCount "49"]
[EventDate "2002.08.10"]
[EventType "swiss"]
[EventRounds "9"]
[EventCountry "AUT"]
[SourceTitle "CBM 089 Extra"]
[Source "ChessBase"]
[SourceDate "2002.09.10"]
[SourceVersion "2"]
[SourceVersionDate "2002.09.10"]
[SourceQuality "1"]

1. d4 Nf6 2. c4 g6 3. Nc3 Bg7 4. e4 O-O 5. Nf3 c6 6. Be2 d5 7. e5 Ne4 8. O-O
Nxc3 9. bxc3 Nd7 10. Re1 Nb6 11. c5 Nc4 12. Qb3 Na5 13. Qb4 Qc7 14. Bg5 Re8 15.
Nd2 Be6 16. Nb3 Nc4 17. Bxc4 dxc4 18. Na5 b5 19. cxb6 axb6 20. Nxc4 b5 21. Nd2
Bxa2 22. Qb2 Bd5 23. Ra3 Qd7 24. f3 f6 25. Bf4 1/2-1/2

[Event "AUT-ch"]
[Site "Oberpullendorf"]
[Date "2002.08.12"]
[Round "3"]
[White "Moser, Eva"]
[Black "Sulyok, Michael"]
[Result "1-0"]
[WhiteElo "2335"]
[BlackElo "2167"]
[PlyCount "79"]
[EventDate "2002.08.10"]
[EventType "swiss"]
[EventRounds "9"]
[EventCountry "AUT"]
[SourceTitle "CBM 089 Extra"]
[Source "ChessBase"]
[SourceDate "2002.09.10"]
[SourceVersion "2"]
[SourceVersionDate "2002.09.10"]
[SourceQuality "1"]

1. g3 d5 2. Bg2 Nf6 3. Nf3 c6 4. O-O Bg4 5. d3 Nbd7 6. Nbd2 e5 7. e4 dxe4 8.
dxe4 Bc5 9. h3 Bh5 10. Qe2 O-O 11. a4 a5 12. Nc4 Qc7 13. Bd2 b6 14. Rfd1 Rfe8
15. Be1 Bxf3 16. Qxf3 Nf8 17. Qf5 N6d7 18. Qf3 Ne6 19. c3 Rad8 20. Qe2 Ndf8 21.
h4 Rxd1 22. Rxd1 Rd8 23. Rxd8 Nxd8 24. Bh3 f6 25. Qd1 Nf7 26. Qd3 Qe7 27. Bd2
g6 28. Be3 Bxe3 29. Qxe3 b5 30. axb5 cxb5 31. Nxa5 Qc7 32. Nb3 Nd6 33. Qc5 Qxc5
34. Nxc5 Nc4 35. b3 Nb2 36. Bg4 Kf7 37. Be2 Ke7 38. Bxb5 Kd6 39. Na4 Nd1 40.
Kf1 1-0

[Event "AUT-ch"]
[Site "Oberpullendorf"]
[Date "2002.08.11"]
[Round "2"]
[White "Zoebisch, Herbert"]
[Black "Moser, Eva"]
[Result "0-1"]
[WhiteElo "2240"]
[BlackElo "2335"]
[PlyCount "94"]
[EventDate "2002.08.10"]
[EventType "swiss"]
[EventRounds "9"]
[EventCountry "AUT"]
[SourceTitle "CBM 089 Extra"]
[Source "ChessBase"]
[SourceDate "2002.09.10"]
[SourceVersion "2"]
[SourceVersionDate "2002.09.10"]
[SourceQuality "1"]

1. d4 Nf6 2. c4 g6 3. Nc3 Bg7 4. e4 O-O 5. Be3 c6 6. f3 d5 7. e5 Ne8 8. cxd5
cxd5 9. f4 Nc6 10. Nf3 Bg4 11. Be2 e6 12. O-O f6 13. h3 Bxf3 14. Bxf3 Bh6 15.
Qd2 Rc8 16. Bg4 Ng7 17. Rad1 Qa5 18. exf6 Rxf6 19. a3 Qc7 20. Rc1 Rcf8 21. g3
Qd8 22. b4 Ne7 23. h4 Ngf5 24. Kg2 Qb8 25. Ne2 Nd6 26. Qd3 Nef5 27. Bf2 Ne4 28.
Bxf5 gxf5 29. Rc2 Rg6 30. Kf3 Rg7 31. Rfc1 Qe8 32. Kg2 Qd8 33. Kf1 Kh8 34. Qf3
Qe8 35. Kg2 Nd6 36. Rc7 Nc4 37. Rxg7 Bxg7 38. Qd3 Qd7 39. Ng1 Nd6 40. Nf3 Rc8
41. Rxc8+ Qxc8 42. Be1 Qc6 43. Kf1 Bf6 44. Ke2 Qa4 45. Bd2 Kg8 46. Bc1 Ne4 47.
Ne1 Qe8 0-1

[Event "AUT-ch"]
[Site "Oberpullendorf"]
[Date "2002.08.10"]
[Round "1"]
[White "Moser, Eva"]
[Black "Raffalt, Manfred"]
[Result "1/2-1/2"]
[WhiteElo "2335"]
[BlackElo "2213"]
[PlyCount "97"]
[EventDate "2002.08.10"]
[EventType "swiss"]
[EventRounds "9"]
[EventCountry "AUT"]
[SourceTitle "CBM 089 Extra"]
[Source "ChessBase"]
[SourceDate "2002.09.10"]
[SourceVersion "2"]
[SourceVersionDate "2002.09.10"]
[SourceQuality "1"]

1. g3 e5 2. Bg2 Nf6 3. d3 d5 4. Nf3 Nc6 5. O-O Be7 6. c3 a5 7. Qc2 O-O 8. e4
dxe4 9. dxe4 Be6 10. Ng5 Bd7 11. Nd2 b5 12. Re1 Qc8 13. Nf1 h6 14. Nf3 Bh3 15.
Ne3 Bxg2 16. Kxg2 Bd6 17. Nf5 Qe6 18. Rd1 Bc5 19. a4 bxa4 20. Qxa4 Kh7 21. Be3
Bxe3 22. Nxe3 Rab8 23. Rd2 Rfd8 24. Rad1 Rxd2 25. Rxd2 Rb6 26. Nd5 Rb7 27. Qc4
Ne7 28. Nxf6+ Qxf6 29. Qc5 Ng6 30. Qxa5 Rb6 31. Qc5 Ra6 32. Qe3 Ra1 33. h3 Rb1
34. Nh2 Qa6 35. b4 Qa1 36. Kf3 Re1 37. Qd3 Rg1 38. Ng4 Qa7 39. h4 Rh1 40. Ne3
Nxh4+ 41. gxh4 Qa8 42. Nd5 Qc8 43. Nf6+ gxf6 44. Qd7 Rh3+ 45. Kg2 Qxd7 46. Rxd7
Rxc3 47. Rxf7+ Kg6 48. Rd7 Rc4 49. f3 1/2-1/2

[Event "Oberwart op"]
[Site "Oberwart"]
[Date "2002.07.13"]
[Round "9"]
[White "Moser, Eva"]
[Black "Schumi, Manfred"]
[Result "1-0"]
[WhiteElo "2335"]
[BlackElo "2216"]
[PlyCount "70"]
[EventDate "2002.07.05"]
[EventType "swiss"]
[EventRounds "9"]
[EventCountry "AUT"]
[SourceTitle "CBM 089 Extra"]
[Source "ChessBase"]
[SourceDate "2002.09.10"]
[SourceVersion "2"]
[SourceVersionDate "2002.09.10"]
[SourceQuality "1"]

1. e4 c5 2. d3 Nc6 3. g3 g6 4. Bg2 Bg7 5. f4 e6 6. Nf3 Nge7 7. O-O O-O 8. c3 b6
9. Be3 Ba6 10. Re1 d6 11. Na3 Rc8 12. d4 Na5 13. Bf2 Qd7 14. Rc1 Rfd8 15. Qd2
cxd4 16. Bxd4 Bxd4+ 17. Qxd4 Qc7 18. Qf6 Nec6 19. f5 exf5 20. exf5 Ne5 21. Nd4
Re8 22. Qg5 Nac4 23. f6 Qd8 24. Rf1 Nd7 25. Nxc4 Bxc4 26. Nc6 Rxc6 27. Bxc6
Bxf1 28. Bxd7 Re5 29. Qh6 Qxf6 30. Rxf1 Qe7 31. Ba4 d5 32. Qf4 Kg7 33. Qd4 f6
34. Bd1 Qe6 35. Bg4 Qe7 1-0

[Event "Oberwart op"]
[Site "Oberwart"]
[Date "2002.07.12"]
[Round "8"]
[White "Horvath, Peter"]
[Black "Moser, Eva"]
[Result "1-0"]
[WhiteElo "2514"]
[BlackElo "2335"]
[PlyCount "65"]
[EventDate "2002.07.05"]
[EventType "swiss"]
[EventRounds "9"]
[EventCountry "AUT"]
[SourceTitle "CBM 089 Extra"]
[Source "ChessBase"]
[SourceDate "2002.09.10"]
[SourceVersion "2"]
[SourceVersionDate "2002.09.10"]
[SourceQuality "1"]

1. d4 e6 2. c4 f5 3. Nf3 Nf6 4. g3 d6 5. Bg2 Be7 6. O-O O-O 7. Nc3 Qe8 8. b3
Qh5 9. Ba3 Rf7 10. e3 Nbd7 11. Re1 c6 12. d5 exd5 13. cxd5 c5 14. b4 b6 15.
bxc5 bxc5 16. Rb1 Nb6 17. Qd3 Ne4 18. Ne2 g5 19. Bc1 c4 20. Qc2 Bb7 21. Nd2
Nxf2 22. Kxf2 f4 23. exf4 gxf4 24. Kg1 fxg3 25. Nxg3 Qg4 26. Qe4 Qc8 27. Qe6
Qc5+ 28. Kh1 Bxd5 29. Bxd5 Nxd5 30. Nde4 Qc6 31. Rf1 Raf8 32. Bh6 Nf6 33. Bxf8
1-0

[Event "Oberwart op"]
[Site "Oberwart"]
[Date "2002.07.10"]
[Round "6"]
[White "Kuzmin, Alexey"]
[Black "Moser, Eva"]
[Result "1-0"]
[WhiteElo "2582"]
[BlackElo "2335"]
[PlyCount "55"]
[EventDate "2002.07.05"]
[EventType "swiss"]
[EventRounds "9"]
[EventCountry "AUT"]
[SourceTitle "CBM 089 Extra"]
[Source "ChessBase"]
[SourceDate "2002.09.10"]
[SourceVersion "2"]
[SourceVersionDate "2002.09.10"]
[SourceQuality "1"]

1. d4 e6 2. c4 f5 3. Nf3 Nf6 4. g3 d6 5. Bg2 Be7 6. O-O O-O 7. Nc3 Qe8 8. b3
Qh5 9. Bb2 Nbd7 10. Re1 Ne4 11. Nd2 Nxc3 12. Bxc3 Qh6 13. e4 f4 14. e5 dxe5 15.
Nf3 exd4 16. Nxd4 Nf6 17. Nf5 exf5 18. Rxe7 fxg3 19. fxg3 f4 20. Qd2 Nh5 21.
Bf3 Nf6 22. gxf4 c6 23. Kh1 Bf5 24. Rxb7 Rad8 25. Qg2 Rd3 26. Bxf6 Qxf6 27. Rg1
Rxf3 28. Rxg7+ 1-0

[Event "Oberwart op"]
[Site "Oberwart"]
[Date "2002.07.09"]
[Round "5"]
[White "Moser, Eva"]
[Black "Sprenger, Wendelin"]
[Result "1-0"]
[WhiteElo "2335"]
[BlackElo "2199"]
[PlyCount "21"]
[EventDate "2002.07.05"]
[EventType "swiss"]
[EventRounds "9"]
[EventCountry "AUT"]
[SourceTitle "CBM 089 Extra"]
[Source "ChessBase"]
[SourceDate "2002.09.10"]
[SourceVersion "2"]
[SourceVersionDate "2002.09.10"]
[SourceQuality "1"]

1. g3 d5 2. Bg2 Nf6 3. Nf3 Bg4 4. c4 c6 5. cxd5 cxd5 6. Ne5 Bf5 7. Nc3 Nc6 8.
Nxc6 bxc6 9. O-O e6 10. d3 Be7 11. Qa4 1-0

[Event "Oberwart op"]
[Site "Oberwart"]
[Date "2002.07.08"]
[Round "4"]
[White "Lenz, Alarich"]
[Black "Moser, Eva"]
[Result "0-1"]
[WhiteElo "2199"]
[BlackElo "2335"]
[PlyCount "78"]
[EventDate "2002.07.05"]
[EventType "swiss"]
[EventRounds "9"]
[EventCountry "AUT"]
[SourceTitle "CBM 089 Extra"]
[Source "ChessBase"]
[SourceDate "2002.09.10"]
[SourceVersion "2"]
[SourceVersionDate "2002.09.10"]
[SourceQuality "1"]

1. c4 f5 2. g3 Nf6 3. Bg2 e6 4. Nf3 Be7 5. O-O O-O 6. d3 d6 7. Nc3 Qe8 8. e4
fxe4 9. dxe4 e5 10. Nh4 Be6 11. b3 Nc6 12. Nf5 Bd8 13. Nd5 g6 14. Nh6+ Kh8 15.
Be3 Qd7 16. Qd2 Qg7 17. b4 Nd4 18. f4 c6 19. f5 Nxe4 20. Bxe4 gxf5 21. Bxf5
Nxf5 22. Nxf5 Rxf5 23. Rxf5 Bxf5 24. Bh6 Qg6 25. Nc3 Be7 26. Re1 Bd3 27. c5
dxc5 28. Rxe5 Bf6 29. Rxc5 b6 30. Rxc6 Bd4+ 31. Be3 Bxe3+ 32. Qxe3 Qxc6 33.
Qxd3 Rf8 34. Nd5 Qc1+ 35. Kg2 Qb2+ 36. Kh3 Qg7 37. a4 Rd8 38. Qf5 Qh6+ 39. Kg2
Qd2+ 0-1